000 00609nam a2200229Ia 4500
003 OSt
005 20220918205651.0
006 a|||||r|||| 00| 0
007 ta
008 220917b |||||||| |||| 00| 0 eng d
024 _a117,476
037 _cTextual
040 _aARTS
_cARTS
_beng
041 _2eng
_aeng
082 _aV671:5:D1, J7
100 _aMurray M A
_9115800
245 0 _aSplendour that was Egypt
_b general survey of Egyptian culture and civilisation
260 _c1957
650 _aHISTORY
942 _hV671:5:D1, J7
_cTEXL
_2CC
999 _c240757
_d240757